000 00519nam a22002177a 4500
003 Ost
005 20220829223041.0
008 220829b |||||||| |||| 00| 0 eng d
020 _aNA
040 _cBT-PhCST
050 _a4309
082 _222
_a620.1
100 _aBeer, Ferdinand P ...[et al.].
245 _aMechanics of materials /
250 _a3rd ed.
260 _bTata McGraw-Hill,
_cc2001.
300 _a0
_bill. ;
700 _aJohnston, E. Russell.
700 _aDewolf, John T.
942 _2ddc
_cCIVIL
999 _c2268
_d2268